Najlepsi zagraniczni strzelcy Ekstraklasy - Statystyki

Ogólne statystyki
  • Ten quiz został rozwiązany 2 174 razy
    714 od ostatniego zresetowania
  • Średni wynik to 9 z 24
Statystyki odpowiedzi
Bramki Kraj Piłkarz % Poprawnych
102 Portugalia Flavio Paixao
76%
61 Portugalia Marco Paixao
74%
40 Węgry Nemanja Nikolić
63%
40 Hiszpania Carlitos
60%
31 Szwecja Mikael Ishak
58%
66 Serbia Miroslav Radović
58%
36 Czechy Tomas Pekhart
49%
55 Dania Christian Gytkjaer
48%
33 Łotwa Artjoms Rudnevs
47%
54 Finlandia Kasper Hamalainen
46%
63 Hiszpania Igor Angulo
45%
55 Hiszpania Jesus Imaz
45%
30 Hiszpania Ivi
27%
39 Bośnia i Hercegowina Semir Stilić
27%
45 Brazylia Edi Andradina
25%
39 Zimbabwe Takesure Chinyama
25%
35 Litwa Fedor Cernych
22%
31 Słowacja Robert Demjan
21%
31 Gwinea Jose Kante
19%
40 Serbia Stanko Svitlica
17%
33 Szwajcaria Darko Jevtić
15%
52 Słowacja Robert Pich
15%
37 Hiszpania Jesus Jimenez
9%
40 Czechy Michal Papadopulos
5%
Nie znaleziono quizów pasujących do podanych kryteriów
Rozkład punktacji
Procent ludzi z każdym wynikiem
Percentyl według liczby udzielonych odpowiedzi
Twoja historia wyników
Nie rozwiązałeś tego quizu od ostatniego zresetowania